[Event "Russian Championship B11 1st league 2016"]
[Site "Loo"]
[Date "2016.04.23"]
[Round "4.19"]
[White "Shinkarev, Artem"]
[Black "Baratov, Victor"]
[Result "1/2-1/2"]
[WhiteElo "1329"]
[BlackElo "1557"]
[PlyCount "142"]
[EventDate "2016.04.20"]

1. e4 c5 2. c3 Nc6 3. d4 cxd4 4. cxd4 e6 5. Nf3 Bb4+ 6. Nc3 Nge7 7. Be3 d5 8.
e5 Nf5 9. Qd2 Bd7 10. Be2 Rc8 11. Rc1 O-O 12. O-O h6 13. a3 Be7 14. Rfd1 a6 15.
b4 b5 16. h3 Qb6 17. Na2 Rc7 18. Qb2 Rfc8 19. Bd3 Nxe3 20. fxe3 a5 21. Kh1 a4
22. Qe2 Na7 23. Qd2 Qb7 24. Rc2 Rxc2 25. Bxc2 Rc7 26. Bd3 Nc8 27. Rc1 Nb6 28.
Rxc7 Qxc7 29. Nc3 Nc4 30. Bxc4 dxc4 31. Qf2 Bc6 32. Kg1 Qb7 33. Kh2 Kh7 34. Kg1
g6 35. Kh2 Kg7 36. Kg1 Qc7 37. Kh1 Qd7 38. Kg1 f6 39. Qe2 f5 40. Kf1 Qb7 41.
Qf2 Be4 42. Kg1 g5 43. Nh2 Kg6 44. g4 Qc6 45. Qg3 Qb7 46. Qf2 Bc6 47. Qg3 Qd7
48. Kf2 Qd8 49. Kg1 Qe8 50. Kf2 Qd7 51. Kg1 Bb7 52. Kf2 f4 53. Qg1 Kg7 54. Nf3
Qc6 55. e4 Qd7 56. Qe1 Bd8 57. Qd2 Bb6 58. Qd1 Bc6 59. Qd2 Qb7 60. Qe2 Qc7 61.
Kg2 Kg6 62. Kf2 Qa7 63. Qd1 Kg7 64. Qd2 Qa8 65. Qe2 Qb8 66. Qd2 Kg6 67. Qd1 Qb7
68. Qe2 Qa7 69. Qd1 Qb7 70. Qe2 Qa7 71. Qd1 Qb7 1/2-1/2

[Event "Russian Championship B11 1st league 2016"]
[Site "Loo"]
[Date "2016.04.23"]
[Round "4.20"]
[White "Belov, Danila"]
[Black "Fedotov, Daniil"]
[Result "1-0"]
[WhiteElo "1557"]
[BlackElo "1352"]
[PlyCount "77"]
[EventDate "2016.04.20"]

1. Nf3 Nf6 2. d4 g6 3. Bf4 Bg7 4. e3 O-O 5. Bd3 d5 6. O-O Bg4 7. h3 Bxf3 8.
Qxf3 Nc6 9. a3 Re8 10. Nc3 a6 11. Rad1 e6 12. Rfe1 Na5 13. Qg3 c6 14. Bc7 Nh5
15. Qh2 Qg5 16. Bxa5 e5 17. Bb6 Re6 18. Be2 exd4 19. Bxd4 Bxd4 20. Rxd4 f5 21.
Bxh5 Qxh5 22. Qg3 Rae8 23. Rh4 f4 24. Qxf4 Qe5 25. Qxe5 Rxe5 26. Rd4 c5 27.
Rxd5 Rxd5 28. Nxd5 Rd8 29. Nf6+ Kg7 30. Ne4 b6 31. Nc3 Rd2 32. Re2 Rd8 33. Kf1
b5 34. Ke1 c4 35. Rd2 Rb8 36. Rd7+ Kh6 37. Nd5 a5 38. c3 Rc8 39. f4 1-0

[Event "Russian Championship B11 1st league 2016"]
[Site "Loo"]
[Date "2016.04.23"]
[Round "4.21"]
[White "Balayan, Eduard"]
[Black "Shirkunov, Alexander"]
[Result "0-1"]
[WhiteElo "1304"]
[BlackElo "1556"]
[PlyCount "76"]
[EventDate "2016.04.20"]

1. d4 f5 2. Bg5 Nf6 3. Bxf6 exf6 4. e3 b6 5. Nc3 Bb7 6. Nf3 Nc6 7. Bd3 g6 8.
O-O Bg7 9. e4 fxe4 10. Nxe4 O-O 11. d5 Ne5 12. Nxe5 fxe5 13. d6 Kh8 14. c4 c5
15. a3 Rc8 16. b4 cxb4 17. axb4 Bxe4 18. Bxe4 Rxc4 19. Qd5 Rd4 20. Qb7 Qb8 21.
Rxa7 Rxe4 22. Qxd7 Rg8 23. Rc1 Rd4 24. Rac7 Qd8 25. Qf7 Rxd6 26. h3 Qf6 27. Qc4
Rd2 28. Rf7 Qd6 29. Qc8 e4 30. Qb7 Rd1+ 31. Rxd1 Qxd1+ 32. Kh2 Qd6+ 33. Kg1 Qd4
34. Re7 Rf8 35. Rxe4 Qxf2+ 36. Kh2 Be5+ 37. Rxe5 Qf4+ 38. Kg1 Qxe5 0-1

[Event "Russian Championship B11 1st league 2016"]
[Site "Loo"]
[Date "2016.04.23"]
[Round "4.22"]
[White "Astrakhanskiy, Andrey"]
[Black "Volkov, Vladislav"]
[Result "0-1"]
[WhiteElo "1300"]
[BlackElo "1545"]
[PlyCount "70"]
[EventDate "2016.04.20"]

1. e4 e6 2. d4 d5 3. Nd2 Nf6 4. e5 Nfd7 5. Bd3 c5 6. Ne2 cxd4 7. Nxd4 Nxe5 8.
Be2 Bc5 9. N4f3 Nxf3+ 10. Nxf3 Nd7 11. Bb5 a6 12. Bxd7+ Bxd7 13. O-O O-O 14.
Ne5 Qc7 15. Bf4 Bd6 16. Nxd7 Qxd7 17. Bxd6 Qxd6 18. c4 d4 19. Qd2 e5 20. f4 e4
21. Rfe1 f5 22. Rad1 Rad8 23. g3 Qc5 24. b3 Rfe8 25. Qf2 e3 26. Qg2 d3 27. Kh1
e2 28. Rb1 d2 29. b4 dxe1=Q+ 30. Rxe1 Qxb4 31. Rg1 e1=Q 32. Rxe1 Rxe1+ 33. Qg1
Rdd1 34. Qxe1 Qxe1+ 35. Kg2 Qf1# 0-1

[Event "Russian Championship B11 1st league 2016"]
[Site "Loo"]
[Date "2016.04.23"]
[Round "4.23"]
[White "Zhelanov, Semen"]
[Black "Labutin, Matvey"]
[Result "1-0"]
[WhiteElo "1275"]
[BlackElo "1533"]
[PlyCount "65"]
[EventDate "2016.04.20"]

1. e4 e5 2. f4 Bc5 3. Nf3 d5 4. exd5 e4 5. Ng5 Qxd5 6. Nc3 Qd4 7. Ngxe4 Bb6 8.
Qe2 Ne7 9. b3 O-O 10. Bb2 Re8 11. O-O-O Qd8 12. Qh5 Bf5 13. g4 Bxe4 14. Nxe4
Ng6 15. Ng5 h6 16. Nxf7 Kxf7 17. Bc4+ Ke7 18. Qxg6 Kd7 19. Qxg7+ Kc8 20. Qxh6
Nc6 21. Be6+ Kb8 22. f5 Bd4 23. Qf4 Qf6 24. Bxd4 Nxd4 25. Kb1 Nxe6 26. Qa4 Ng7
27. Rdf1 Rh8 28. Qf4 b6 29. g5 Qf7 30. f6 Nh5 31. Qh4 Rg8 32. g6 Nxf6 33. gxf7
1-0

[Event "Russian Championship B11 1st league 2016"]
[Site "Loo"]
[Date "2016.04.23"]
[Round "4.24"]
[White "Shirokikh, Ivan"]
[Black "Yonal, Timur"]
[Result "1-0"]
[WhiteElo "1528"]
[BlackElo "1325"]
[PlyCount "84"]
[EventDate "2016.04.20"]

1. c4 Nf6 2. Nf3 g6 3. Nc3 Bg7 4. g3 O-O 5. Bg2 d6 6. O-O e5 7. d3 Nc6 8. Nd5
Nh5 9. Bd2 h6 10. Rb1 f5 11. b4 Be6 12. b5 Ne7 13. Nxe7+ Qxe7 14. Nh4 Kh7 15.
Bxb7 Rab8 16. Bg2 g5 17. Nf3 f4 18. e3 g4 19. Ne1 f3 20. Bh1 Nf6 21. h3 h5 22.
hxg4 hxg4 23. Nxf3 gxf3 24. Bxf3 Rh8 25. Qc2 Kg8 26. Kg2 Bh3+ 27. Kg1 Bxf1 28.
Kxf1 Qe6 29. Ke2 Rc8 30. Rf1 Ng4 31. Bd5 Qxd5 32. cxd5 Rh2 33. Qa4 Nf6 34. Bc3
Nxd5 35. Qc4 Kh7 36. Qxd5 e4 37. Qxe4+ Kg8 38. Qg4 Rh7 39. Qxc8+ Kf7 40. Qd7+
Kg6 41. Bxg7 Rxg7 42. Qe6+ Kh7 1-0

[Event "Russian Championship B11 1st league 2016"]
[Site "Loo"]
[Date "2016.04.23"]
[Round "4.25"]
[White "Broderzon, Alexander"]
[Black "Zhavoronkov, Danil P"]
[Result "1/2-1/2"]
[WhiteElo "1497"]
[BlackElo "1302"]
[PlyCount "82"]
[EventDate "2016.04.20"]

1. e4 c5 2. Nf3 d6 3. c3 Nf6 4. Bd3 b6 5. h3 Bb7 6. Qc2 Nbd7 7. Qa4 a6 8. Qc2
b5 9. c4 b4 10. b3 e6 11. O-O Be7 12. Bb2 Qc7 13. Re1 O-O 14. Qd1 Nh5 15. Nh2
Nhf6 16. Ng4 Nxg4 17. Qxg4 Nf6 18. Qe2 Qc6 19. Bc2 Rfe8 20. d3 d5 21. Nd2 dxe4
22. dxe4 Rad8 23. Nf3 Qc7 24. Be5 Bd6 25. Bxd6 Qxd6 26. e5 Bxf3 27. gxf3 Qd2
28. exf6 Qg5+ 29. Kh1 Rd2 30. Qe4 g6 31. Re2 Qxf6 32. Rd1 Rxd1+ 33. Bxd1 Rd8
34. Bc2 Rd4 35. Qe3 Rh4 36. Kh2 Qd4 37. Rd2 Qf4+ 38. Qxf4 Rxf4 39. Kg3 g5 40.
Be4 f5 41. Bc2 Kf7 1/2-1/2

[Event "Russian Championship B11 1st league 2016"]
[Site "Loo"]
[Date "2016.04.23"]
[Round "4.26"]
[White "Fadeev, Aleksei"]
[Black "Kopylov, Artem"]
[Result "1-0"]
[WhiteElo "1492"]
[BlackElo "1277"]
[PlyCount "85"]
[EventDate "2016.04.20"]

1. e4 e6 2. Nf3 d5 3. Nc3 dxe4 4. Nxe4 Nd7 5. d4 Ngf6 6. Bd3 Be7 7. O-O O-O 8.
Bf4 Nd5 9. Bg3 N7f6 10. c3 b6 11. a3 Rb8 12. c4 Nxe4 13. Bxe4 Nf6 14. Bc2 Bd6
15. Ne5 Bb7 16. Qe2 Nd7 17. Rfd1 Bxe5 18. dxe5 Qe7 19. Qd3 g6 20. Qxd7 Qc5 21.
Qd4 Qc6 22. f3 b5 23. c5 Qd5 24. Qxd5 Bxd5 25. b4 a5 26. Bh4 a4 27. Bf6 c6 28.
Be4 Rbc8 29. Rd4 Rc7 30. Kf2 Rfc8 31. Ke3 Rd7 32. Rad1 Rdc7 33. g4 h6 34. h4
Rb7 35. f4 Kf8 36. h5 gxh5 37. gxh5 Ke8 38. Rg1 Kd7 39. Rg7 Kc7 40. Rxf7+ Kb8
41. Rxb7+ Kxb7 42. Bg6 Rg8 43. Kf2 1-0

[Event "Russian Championship B11 1st league 2016"]
[Site "Loo"]
[Date "2016.04.23"]
[Round "4.27"]
[White "Rezvyi, Dmitri"]
[Black "Badazhkov, Egor"]
[Result "0-1"]
[WhiteElo "1477"]
[BlackElo "1268"]
[PlyCount "110"]
[EventDate "2016.04.20"]

1. c4 Nf6 2. Nc3 g6 3. e4 d6 4. d4 Bg7 5. Nf3 O-O 6. Be2 Nbd7 7. O-O e5 8. Bg5
h6 9. Bh4 g5 10. Bg3 Nh7 11. Qd3 g4 12. Nh4 exd4 13. Nd5 Nc5 14. Qd2 Nxe4 15.
Qd3 Nxg3 16. fxg3 h5 17. Nf5 Be5 18. Nh6+ Kg7 19. Rxf7+ Rxf7 20. Nxf7 Qd7 21.
Nxe5 dxe5 22. Qe4 Qf5 23. Bd3 Qxe4 24. Bxe4 c6 25. Nc7 Rb8 26. Ne8+ Kg8 27.
Bxh7+ Kxh7 28. Nf6+ Kg6 29. Ne4 Be6 30. b3 b5 31. c5 Bd5 32. Re1 Kf5 33. Nd6+
Ke6 34. h3 a5 35. Rb1 Rg8 36. h4 b4 37. Rf1 Rg7 38. Kf2 Rg6 39. Ke2 Bxg2 40.
Rf7 Rf6 41. Rxf6+ Kxf6 42. Nc4 Ke6 43. Nxa5 Kd5 44. Nc4 e4 45. Nd6 Kxc5 46. Ne8
Bf3+ 47. Kd2 e3+ 48. Kd3 Bg2 49. Ke2 Bf3+ 50. Kd3 e2 51. Kd2 d3 52. Ng7 Kd4 53.
Nxh5 e1=Q+ 54. Kxe1 Ke3 55. Nf4 d2+ 0-1

[Event "Russian Championship B11 1st league 2016"]
[Site "Loo"]
[Date "2016.04.23"]
[Round "4.28"]
[White "Kulakov, Timofei"]
[Black "Kurnosov, Egor"]
[Result "1-0"]
[WhiteElo "1463"]
[BlackElo "1069"]
[PlyCount "85"]
[EventDate "2016.04.20"]

1. e4 e5 2. Nf3 Nc6 3. Bb5 d6 4. d4 f6 5. d5 a6 6. Ba4 b5 7. dxc6 bxa4 8. c4
Be6 9. Qxa4 Ne7 10. Nc3 g6 11. Nd5 Bxd5 12. cxd5 Bg7 13. Bd2 O-O 14. O-O f5 15.
Ng5 Qb8 16. Ne6 Rf7 17. Ba5 Ra7 18. Bxc7 Rxc7 19. Nxc7 Qxc7 20. f3 f4 21. Qxa6
Nc8 22. Rfc1 Bh6 23. Qb7 g5 24. Qxc7 Rxc7 25. h3 Bf8 26. a4 h5 27. b4 g4 28. b5
gxh3 29. gxh3 Rg7+ 30. Kf2 Be7 31. a5 Bh4+ 32. Kf1 Rg3 33. b6 Rxf3+ 34. Ke2
Rf2+ 35. Kd3 Rf3+ 36. Kc4 Rxh3 37. b7 Nb6+ 38. axb6 f3 39. b8=Q+ Kf7 40. Ra7+
Be7 41. Qd8 Rh4 42. Qxe7+ Kg8 43. Ra8# 1-0

[Event "Russian Championship B11 1st league 2016"]
[Site "Loo"]
[Date "2016.04.23"]
[Round "4.29"]
[White "Shelukhin, Ilya"]
[Black "Nasyrov, Anton"]
[Result "1/2-1/2"]
[WhiteElo "1241"]
[BlackElo "1463"]
[PlyCount "106"]
[EventDate "2016.04.20"]

1. e4 c5 2. Nf3 d6 3. d4 cxd4 4. Nxd4 Nf6 5. Nc3 a6 6. Be3 e5 7. Nb3 Be7 8. Qd2
Ng4 9. Nd5 Nxe3 10. Qxe3 Nd7 11. Nxe7 Qxe7 12. O-O-O O-O 13. Qd3 Nf6 14. Qxd6
Qxd6 15. Rxd6 Nxe4 16. Rb6 Nxf2 17. Rg1 Rd8 18. Bc4 Ne4 19. Rf1 Nf6 20. g4 Bxg4
21. Rxb7 Rd7 22. Rxd7 Bxd7 23. Re1 Ng4 24. h3 Nh6 25. Rxe5 Bxh3 26. Ra5 Bf5 27.
Nc5 g5 28. Rxa6 Rxa6 29. Bxa6 g4 30. b4 g3 31. Bf1 Ng4 32. Kd2 h5 33. b5 Nh2
34. Bg2 h4 35. b6 Bc8 36. b7 Bxb7 37. Nxb7 Kf8 38. a4 f5 39. a5 f4 40. Ke2 h3
41. Bxh3 f3+ 42. Ke3 g2 43. Bxg2 fxg2 44. Kf2 Ng4+ 45. Kxg2 Ne5 46. a6 Nc6 47.
Kf3 Ke7 48. Ke4 Kd7 49. Kd5 Nb4+ 50. Kc5 Nxa6+ 51. Kb6 Nc7 52. c4 Ne6 53. c5
Nxc5 1/2-1/2

[Event "Russian Championship B11 1st league 2016"]
[Site "Loo"]
[Date "2016.04.23"]
[Round "4.30"]
[White "Tetyuev, Stepan"]
[Black "Etuka, Alexander"]
[Result "1/2-1/2"]
[WhiteElo "1238"]
[BlackElo "1459"]
[PlyCount "85"]
[EventDate "2016.04.20"]

1. e4 c6 2. d4 d5 3. exd5 cxd5 4. c4 Nf6 5. Nf3 e6 6. Nc3 Be7 7. Bd3 O-O 8. O-O
Nbd7 9. Bf4 dxc4 10. Bxc4 Nb6 11. Bb3 Nbd5 12. Bxd5 Nxd5 13. Nxd5 Qxd5 14. Re1
Bf6 15. Qd3 Bd7 16. Be5 Bb5 17. Qb1 Qd8 18. Bxf6 Qxf6 19. Re5 Bc6 20. Ng5 Qg6
21. Ne4 Bxe4 22. Rxe4 Rad8 23. Qd3 Rd5 24. Qe3 Rfd8 25. Rd1 Qf6 26. Rc1 h6 27.
h3 Rxd4 28. Rxd4 Rxd4 29. Rc8+ Kh7 30. Rc7 Rb4 31. Qxa7 Rd4 32. Qxb7 Rd1+ 33.
Kh2 Qf4+ 34. g3 Qxf2+ 35. Qg2 Qxg2+ 36. Kxg2 Rd2+ 37. Kf3 Rxb2 38. a4 Ra2 39.
Ra7 Kg6 40. a5 Ra3+ 41. Kf4 e5+ 42. Kxe5 Rxg3 43. h4 1/2-1/2

[Event "Russian Championship B11 1st league 2016"]
[Site "Loo"]
[Date "2016.04.23"]
[Round "4.31"]
[White "Maxin, Vladimir"]
[Black "Shemakhanov, Danila"]
[Result "0-1"]
[WhiteElo "1203"]
[BlackElo "1454"]
[PlyCount "114"]
[EventDate "2016.04.20"]

1. d4 Nf6 2. Nf3 e6 3. g3 d5 4. Bg2 c5 5. O-O Nc6 6. c4 cxd4 7. Nxd4 Bc5 8.
Nxc6 bxc6 9. Qa4 Bd7 10. cxd5 cxd5 11. Qc2 Rc8 12. Nc3 O-O 13. Bg5 Be7 14. Qd3
Qc7 15. Rac1 Qb8 16. e4 dxe4 17. Nxe4 Bb5 18. Qd4 Bxf1 19. Rxf1 Rfd8 20. Qe3
Nd5 21. Qf3 Bxg5 22. Nxg5 Nf6 23. Bh3 Qe5 24. Qf4 Qxf4 25. gxf4 Rc2 26. b4 h6
27. Nxe6 fxe6 28. Bxe6+ Kf8 29. Bb3 Re2 30. Rc1 Nd5 31. Rd1 Re7 32. Rxd5 Rxd5
33. Bxd5 Rd7 34. Bb3 Rb7 35. a3 Rc7 36. a4 Rc1+ 37. Kg2 Rb1 38. Bc2 Rxb4 39.
Kg3 Rc4 40. Bd1 Rc1 41. Be2 Ra1 42. Bb5 Ra3+ 43. f3 Ke7 44. Kg4 Ra2 45. h4 Rg2+
46. Kh5 Kf6 47. Bd3 Rg3 48. Be4 a5 49. Bc6 Kf5 50. Bd7+ Kxf4 51. Bg4 Rxf3 52.
Bxf3 Kxf3 53. Kg6 Kg4 54. Kxg7 h5 55. Kf6 Kxh4 56. Ke5 Kg3 57. Kd5 h4 0-1

[Event "Russian Championship B11 1st league 2016"]
[Site "Loo"]
[Date "2016.04.23"]
[Round "4.32"]
[White "Lazarev, Ivan"]
[Black "Shiliaev, Mark"]
[Result "1/2-1/2"]
[WhiteElo "1162"]
[BlackElo "1443"]
[PlyCount "87"]
[EventDate "2016.04.20"]

1. e4 e5 2. Nf3 Nc6 3. Bc4 Bc5 4. c3 Nf6 5. d4 exd4 6. cxd4 Bb4+ 7. Bd2 Nxe4 8.
Bxb4 Nxb4 9. Bxf7+ Kxf7 10. Qb3+ Kf8 11. Qxb4+ Qe7 12. Qxe7+ Kxe7 13. O-O Kd8
14. Re1 Re8 15. Ne5 d6 16. Rxe4 dxe5 17. Rxe5 Rxe5 18. dxe5 Be6 19. Nc3 Ke7 20.
Rd1 c6 21. h3 b5 22. a3 Rf8 23. f3 Rf5 24. Re1 Bd7 25. Re4 Ke6 26. f4 c5 27. g4
Rf8 28. f5+ Ke7 29. Nd5+ Ke8 30. e6 Bc6 31. e7 Rg8 32. Nc7+ Kf7 33. Re5 Rc8 34.
Na6 c4 35. Nb4 Bd7 36. Kf2 Re8 37. Nd5 Bc6 38. g5 a6 39. Nc7 Rxe7 40. Rxe7+
Kxe7 41. Nxa6 Be4 42. Nc7 Bxf5 43. Nxb5 Bxh3 44. Nd4 1/2-1/2

[Event "Russian Championship B11 1st league 2016"]
[Site "Loo"]
[Date "2016.04.23"]
[Round "4.33"]
[White "Zhosan, Iannis"]
[Black "Murashko, Vladislav"]
[Result "0-1"]
[WhiteElo "1105"]
[BlackElo "1437"]
[PlyCount "106"]
[EventDate "2016.04.20"]

1. d4 Nf6 2. e3 g6 3. Bd3 d5 4. f4 Bg7 5. Nf3 O-O 6. O-O c5 7. c3 Nc6 8. Nbd2
c4 9. Bc2 a6 10. a4 Bg4 11. b3 b5 12. Ba3 Re8 13. bxc4 bxc4 14. Rb1 Rb8 15.
Rxb8 Qxb8 16. Qb1 e6 17. Qxb8 Rxb8 18. Rb1 Rxb1+ 19. Bxb1 Bxf3 20. Nxf3 Bf8 21.
Bxf8 Kxf8 22. h3 Ke7 23. g4 Nd7 24. h4 h6 25. h5 gxh5 26. g5 hxg5 27. fxg5 Nf8
28. Kh2 Ng6 29. Kh3 Kf8 30. Nh4 Kg7 31. Bc2 a5 32. Bd1 Nce7 33. Bxh5 Nxh4 34.
Kxh4 Nf5+ 35. Kg4 Nxe3+ 36. Kf4 Nf1 37. Be2 Nd2 38. Ke3 Ne4 39. Bxc4 Nxc3 40.
Bb5 Ne4 41. Kf4 f6 42. gxf6+ Kxf6 43. Bd3 Nd6 44. Bb5 Nxb5 45. axb5 Ke7 46. Ke3
Kd7 47. Kd3 Kc7 48. Kc3 Kb6 49. Kb3 Kxb5 50. Ka3 a4 51. Kb2 Kc4 52. Ka3 Kxd4
53. Kxa4 Kc3 0-1

[Event "Russian Championship B11 1st league 2016"]
[Site "Loo"]
[Date "2016.04.23"]
[Round "4.41"]
[White "Prutskov, Aleksei"]
[Black "Razhbadinov, Rasul"]
[Result "1-0"]
[WhiteElo "1540"]
[BlackElo "1224"]
[PlyCount "59"]
[EventDate "2016.04.20"]

1. d4 d5 2. c4 e6 3. Nc3 Nf6 4. Nf3 Be7 5. e3 O-O 6. Bd3 dxc4 7. Bxc4 a6 8. a4
Nbd7 9. O-O c6 10. e4 Nb6 11. Bb3 Qc7 12. Bc2 h6 13. Qd3 Nh7 14. e5 f5 15. exf6
Nxf6 16. Bxh6 gxh6 17. Qg6+ Kh8 18. Qxh6+ Kg8 19. Qg5+ Kh8 20. Ne5 Bd8 21. Ng6+
Kg8 22. Nxf8+ Kxf8 23. Qh6+ Ke7 24. Qg5 Kd7 25. f4 Nfd5 26. Qg7+ Be7 27. Ne4
Nc4 28. Nc5+ Kd6 29. Qe5+ Nxe5 30. fxe5# 1-0

[Event "Russian Championship B11 1st league 2016"]
[Site "Loo"]
[Date "2016.04.23"]
[Round "4.42"]
[White "Pronkin, Artem"]
[Black "Malyshev, Efim"]
[Result "1/2-1/2"]
[WhiteElo "1445"]
[BlackElo "1135"]
[PlyCount "40"]
[EventDate "2016.04.20"]

1. d4 d5 2. Nf3 Nf6 3. Bf4 c6 4. e3 g6 5. c4 Bg7 6. Nc3 O-O 7. Be2 Be6 8. Qb3
Qb6 9. Qxb6 axb6 10. Ng5 h6 11. Nxe6 fxe6 12. O-O Nbd7 13. Rfd1 g5 14. Bg3 Kh8
15. b4 Ra3 16. Rdc1 c5 17. Rab1 Ra7 18. Rd1 Ra3 19. Rdc1 Ra7 20. Rd1 Ra3
1/2-1/2

[Event "Russian Championship B11 2016"]
[Site "Loo"]
[Date "2016.04.23"]
[Round "4.1"]
[White "Makoveev, Ilya"]
[Black "Maneluk, Daniil"]
[Result "1/2-1/2"]
[WhiteElo "2137"]
[BlackElo "1801"]
[PlyCount "80"]
[EventDate "2016.04.20"]

1. d4 d5 2. Nf3 Nf6 3. c4 e6 4. g3 c6 5. Bg2 dxc4 6. Ne5 Bb4+ 7. Nc3 Bxc3+ 8.
bxc3 Nd5 9. Qc2 b5 10. e4 Ne7 11. O-O Nd7 12. Ng4 O-O 13. Ba3 Re8 14. f4 Bb7
15. Ne3 Nf6 16. g4 Nc8 17. Rae1 a5 18. g5 Nd7 19. Rf3 Qc7 20. Ng4 c5 21. d5
exd5 22. e5 d4 23. Rh3 d3 24. Qf2 Bxg2 25. Qxg2 Ne7 26. Qe4 Nf8 27. f5 Qc6 28.
Qf4 Rad8 29. Nf6+ gxf6 30. gxf6 d2 31. Rd1 Nxf5 32. Qxf5 Qe6 33. Qg5+ Ng6 34.
Qh5 h6 35. Rg3 Kh7 36. Rh3 Kg8 37. Rg3 Kh7 38. Rh3 Kg8 39. Rg3 Kh7 40. Rh3 Kg8
1/2-1/2

[Event "Russian Championship B11 2016"]
[Site "Loo"]
[Date "2016.04.23"]
[Round "4.2"]
[White "Krivenko, Dmitry"]
[Black "Ponomarev, Grigori"]
[Result "0-1"]
[WhiteElo "1536"]
[BlackElo "1940"]
[PlyCount "132"]
[EventDate "2016.04.20"]

1. d4 Nf6 2. Nf3 g6 3. c4 Bg7 4. Nc3 O-O 5. Bg5 d6 6. e3 c5 7. Be2 Qb6 8. Bxf6
Bxf6 9. Nd5 Qa5+ 10. Qd2 Qxd2+ 11. Nxd2 Nd7 12. O-O cxd4 13. Nxf6+ Nxf6 14.
exd4 Bf5 15. Bf3 e5 16. dxe5 dxe5 17. Rfe1 Rad8 18. Ne4 Bxe4 19. Bxe4 b6 20.
Bf3 Rfe8 21. Bc6 Re6 22. Ba4 Rd4 23. b4 Ne4 24. f3 Nd6 25. Bb3 Nxc4 26. Rac1 b5
27. Re4 Kg7 28. Bxc4 bxc4 29. Rxc4 Rd2 30. a4 Ra2 31. b5 Rd6 32. Kf1 Rd1+ 33.
Re1 Rdd2 34. Rxe5 Rf2+ 35. Ke1 Rxg2 36. Kf1 Rxh2 37. Kg1 h5 38. Re7 Rhb2 39.
Kf1 Kf6 40. Re3 Rh2 41. Kg1 h4 42. Ree4 h3 43. Rc6+ Kg7 44. Rg4 Rhb2 45. Rc1 f5
46. Rg3 h2+ 47. Kh1 Rxa4 48. Rc7+ Kf6 49. Rc6+ Ke5 50. Rc1 Rab4 51. Rxg6 Rxb5
52. Ra6 Rb7 53. Ra4 Rg7 54. Rh4 a5 55. Ra1 Rg1+ 56. Rxg1 hxg1=Q+ 57. Kxg1 Ra2
58. Rc4 a4 59. Kf1 Ra1+ 60. Ke2 a3 61. Kf2 a2 62. Rc5+ Kf4 63. Rc4+ Kg5 64. Ra4
Rh1 65. Rxa2 Rh2+ 66. Kg3 Rxa2 0-1

[Event "Russian Championship B11 2016"]
[Site "Loo"]
[Date "2016.04.23"]
[Round "4.3"]
[White "Trofimov, Pavel"]
[Black "Murzin, Volodar"]
[Result "0-1"]
[WhiteElo "1748"]
[BlackElo "2170"]
[PlyCount "90"]
[EventDate "2016.04.20"]

1. d4 Nf6 2. Nf3 g6 3. c4 Bg7 4. Nc3 O-O 5. e4 d6 6. Be2 e5 7. dxe5 dxe5 8.
Qxd8 Rxd8 9. Bg5 c6 10. Nxe5 Re8 11. O-O-O Na6 12. Nf3 Nc5 13. Bxf6 Bxf6 14. e5
Bg7 15. Rhe1 Nd7 16. Ne4 Nxe5 17. Nd6 Nxf3 18. gxf3 Rd8 19. Nxc8 Raxc8 20.
Rxd8+ Rxd8 21. Rd1 Rxd1+ 22. Bxd1 Bd4 23. b3 Bxf2 24. Kd2 Kf8 25. Kd3 f5 26.
Be2 Ke7 27. a3 Kd6 28. f4 h6 29. b4 g5 30. Bf3 g4 31. Bg2 Ke6 32. Ke2 Bd4 33.
h4 h5 34. b5 Kd6 35. bxc6 bxc6 36. Kd3 Bf6 37. Ke3 Bxh4 38. Bf1 Bg3 39. Bd3 Ke6
40. Bf1 h4 41. Bg2 Kd6 42. Bf1 h3 43. a4 a5 44. Ke2 Bxf4 45. Kf2 g3+ 0-1

[Event "Russian Championship B11 2016"]
[Site "Loo"]
[Date "2016.04.23"]
[Round "4.4"]
[White "Lystsov, Leonid"]
[Black "Merts, Dmitrii"]
[Result "1-0"]
[WhiteElo "1569"]
[BlackElo "1578"]
[PlyCount "127"]
[EventDate "2016.04.20"]

1. c4 e6 2. Nf3 d5 3. b3 Nf6 4. g3 c6 5. Bg2 Be7 6. O-O Nbd7 7. Bb2 O-O 8. Nc3
Re8 9. d3 b6 10. Qc2 Bb7 11. Rad1 Rc8 12. Qb1 c5 13. e4 d4 14. Ne2 Bd6 15. Ne1
e5 16. Bc1 Rc7 17. f4 Bc8 18. Nf3 h6 19. Bh3 Nf8 20. Bxc8 Rxc8 21. fxe5 Bxe5
22. Nxe5 Rxe5 23. Kg2 N8d7 24. h3 Re8 25. Qc2 Ne5 26. Bf4 Nfd7 27. Qd2 Rc6 28.
Bxe5 Nxe5 29. Rf5 g5 30. Rdf1 Rce6 31. g4 Rf8 32. Rxe5 Rxe5 33. Ng3 Kh7 34. Rf5
Rxf5 35. Nxf5 Qf6 36. Qf2 Qe5 37. Qg3 Qxg3+ 38. Kxg3 Re8 39. a3 Re6 40. Kf3 Kg6
41. a4 Kh7 42. Kg3 Kg8 43. h4 Kf8 44. h5 a6 45. Kf3 Ke8 46. Ke2 Kd7 47. Kd2 Kc6
48. b4 Kd7 49. Kc2 Rf6 50. a5 Rxf5 51. exf5 cxb4 52. axb6 Kc6 53. c5 a5 54. Kb3
Kb7 55. Kc4 Kc6 56. Kxd4 a4 57. Kc4 a3 58. Kb3 Kb7 59. d4 Ka6 60. d5 Kb7 61.
Ka2 f6 62. Kb3 Kb8 63. c6 Kc8 64. d6 1-0

[Event "Russian Championship B11 2016"]
[Site "Loo"]
[Date "2016.04.23"]
[Round "4.5"]
[White "Vasilyev, Alexey"]
[Black "Chugunov, Vadim"]
[Result "1/2-1/2"]
[WhiteElo "1828"]
[BlackElo "1710"]
[PlyCount "81"]
[EventDate "2016.04.20"]

1. e4 e5 2. Nf3 Nc6 3. Bb5 a6 4. Ba4 Nf6 5. d3 d6 6. O-O g6 7. c3 Bg7 8. Re1
O-O 9. d4 exd4 10. cxd4 b5 11. Bc2 Bg4 12. Be3 Nd7 13. Nc3 Nb6 14. a3 Bxf3 15.
gxf3 Qf6 16. d5 Ne5 17. f4 Nec4 18. Bc1 Rfe8 19. Ra2 Qh4 20. Ne2 Qg4+ 21. Ng3
Qxd1 22. Rxd1 Na4 23. Bxa4 bxa4 24. Re1 h5 25. f3 Bd4+ 26. Kg2 Na5 27. Be3 Bxe3
28. Rxe3 Nb3 29. Ne2 Rab8 30. h4 Rb7 31. Rc3 Nc5 32. Kg3 Nb3 33. Nc1 Nxc1 34.
Rxc1 Rb3 35. Re1 Reb8 36. Re2 f6 37. Rc2 Re8 38. Re2 Reb8 39. Rc2 Re8 40. Re2
Reb8 41. Rc2 1/2-1/2

[Event "Russian Championship B11 2016"]
[Site "Loo"]
[Date "2016.04.23"]
[Round "4.6"]
[White "Simonyan, Grigori"]
[Black "Grebnev, Aleksey"]
[Result "1/2-1/2"]
[WhiteElo "1589"]
[BlackElo "1766"]
[PlyCount "100"]
[EventDate "2016.04.20"]

1. e4 e6 2. c4 d5 3. exd5 exd5 4. cxd5 Qxd5 5. Nc3 Qd8 6. Nf3 Nf6 7. Bc4 Be7 8.
O-O O-O 9. Qc2 Nc6 10. h3 b6 11. d3 Bb7 12. Be3 Qd7 13. Rad1 Rad8 14. Rfe1 Qf5
15. a3 Na5 16. Nd4 Qg6 17. f3 Bc5 18. Qf2 Rfe8 19. Nc2 Bxe3 20. Nxe3 Nxc4 21.
dxc4 h6 22. Nb5 Rxd1 23. Rxd1 Qg5 24. Nf1 Qe5 25. Nxa7 Ba6 26. Nc6 Qe6 27. Nd4
Qxc4 28. Ne3 Qc5 29. Kh1 Qe5 30. Nec2 c5 31. Re1 Qb8 32. Nf5 Bd3 33. Rxe8+ Qxe8
34. Nce3 Qe5 35. Qg3 Qxg3 36. Nxg3 g6 37. Kg1 Kf8 38. Kf2 Ke7 39. Ke1 Kd6 40.
Kd2 Bb5 41. Nd1 Nd5 42. Ne4+ Ke5 43. g3 f5 44. Nec3 Bc6 45. f4+ Kd4 46. Nf2 c4
47. Ne2+ Kc5 48. g4 Bd7 49. g5 h5 50. h4 Bc6 1/2-1/2

[Event "Russian Championship B11 2016"]
[Site "Loo"]
[Date "2016.04.23"]
[Round "4.7"]
[White "Prokhorov, Stepan"]
[Black "Makov, Artem"]
[Result "1-0"]
[WhiteElo "1689"]
[BlackElo "1547"]
[PlyCount "111"]
[EventDate "2016.04.20"]

1. e4 d5 2. exd5 Nf6 3. d4 Bg4 4. Nf3 Qxd5 5. Nc3 Qf5 6. Be2 Nc6 7. Be3 O-O-O
8. h3 Bxf3 9. Bxf3 Ne5 10. Be2 e6 11. a3 Nc6 12. Qd2 Be7 13. O-O-O h5 14. Bb5
Ne4 15. Nxe4 Qxe4 16. f3 Qd5 17. c4 Qd6 18. d5 exd5 19. Qxd5 Qxd5 20. Rxd5 Rxd5
21. cxd5 Nb8 22. Rd1 Rd8 23. Bc4 Nd7 24. d6 cxd6 25. Bxf7 Nf6 26. Bxa7 Kc7 27.
Bf2 Rf8 28. Bb3 g5 29. Bg3 g4 30. hxg4 hxg4 31. Rd3 Rh8 32. Rc3+ Kb8 33. Kd2
gxf3 34. gxf3 Rh3 35. Bf2 Rh2 36. Ke3 Nd7 37. f4 Nc5 38. Bd5 Bf6 39. Rc2 Rh3+
40. Ke2 Rh2 41. Kf3 Rh3+ 42. Kg4 Rd3 43. Bc4 Rd1 44. Be2 Rd5 45. Bf3 Rd3 46.
Bg2 Rb3 47. Kf5 Bxb2 48. Bd5 Rb6 49. Kg6 Bh8 50. f5 Ra6 51. Re2 Be5 52. f6 Bxf6
53. Kxf6 Rxa3 54. Re8+ Ka7 55. Ke7 b6 56. Ra8# 1-0